[Event "XXV Miedzynarodowy Festiwal Szachowy w Poznaniu - OPEN A"]
[Site "Poznan"]
[Date "2017.08.23"]
[Round "5.5"]
[White "Chojnacki, Krzysztof "]
[Black "Nowak, Rafal "]
[Result "0-1"]
[WhiteTitle ""]
[BlackTitle ""]
[WhiteElo "2377"]
[BlackElo "1996"]

1. d4 c5 2. d5 g6 3. e4 Bg7 4. Nf3 d6 5. Nc3 Nf6 6. Bc4 O-O 7. O-O Na6 8. h3 Nc7
9. Re1 a6 10. a4 b6 11. Bf4 Bd7 12. Qd3 Qc8 13. e5 Nfe8 14. Qd2 b5 15. axb5 axb5
16. Bf1 Rxa1 17. Rxa1 Qb7 18. Rd1 Bf5 19. g4 Bc8 20. Bg2 f5 21. gxf5 Bxf5 22.
Bh6 b4 23. Ne2 Bxh3 24. Bxg7 Kxg7 25. Bxh3 Rxf3 26. Ng3 Nb5 27. Bg2 Rf8 28. Qg5
Nd4 29. Re1 h6 30. Qg4 Kh7 31. Be4 Rg8 32. Kg2 dxe5 33. Rh1 Qb6 34. Qg5 Nf5 35.
Bxf5 gxf5 36. Qxe7+ Ng7 37. Nxf5 Qg6+ 38. Ng3 Re8 39. Qxc5 e4 40. d6 Qf7 41. Qe3
Re6 42. Rd1 Qd7 43. Qf4 e3 44. fxe3 Rg6 45. Kh2 Rg4 46. Qf6 Rxg3 47. Qh4 Rg4 48.
Qf2 Qb5 49. Qf7 Qe5+ 50. Kh1 Qe4+ 0-1

[Event "XXV Miedzynarodowy Festiwal Szachowy w Poznaniu - OPEN A"]
[Site "Poznan"]
[Date "2017.08.23"]
[Round "5.6"]
[White "Polok, Kacper"]
[Black "Niekras, Dawid "]
[Result "0-1"]
[WhiteTitle ""]
[BlackTitle ""]
[WhiteElo "2249"]
[BlackElo "2277"]

1. e4 c5 2. Nf3 g6 3. d4 cxd4 4. Qxd4 Nf6 5. Nc3 Nc6 6. Qa4 d6 7. e5 Nd7 8. exd6
Nb6 9. Qf4 Bg7 10. Bb5 O-O 11. O-O e5 12. Qg5 Bf5 13. Qxd8 Rfxd8 14. Bxc6 bxc6
15. Be3 Rxd6 16. Rac1 Nd5 17. Nxd5 cxd5 18. Bc5 Ra6 19. a3 Rc8 20. b4 Rxa3 21.
Rfe1 e4 22. Nd4 Rxc5 23. Nxf5 Rb5 24. Nxg7 Kxg7 25. c4 Rxb4 26. cxd5 Rd3 27. Rcd1
Kf8 28. Kf1 Rxd1 29. Rxd1 a5 30. d6 Ke8 31. d7+ Kd8 32. Ke2 Rb7 33. Ke3 Rxd7 34.
Ra1 Ra7 35. Ra4 Kc7 36. Kxe4 Kc6 37. h4 Kb5 38. Ra1 a4 39. g4 Kc4 40. Ke5 a3 41.
f4 a2 42. Kf6 Kb3 43. Kg5 Kb2 44. Rxa2+ Kxa2 45. f5 gxf5 46. gxf5 Kb3 47. h5 Kc4
48. Kh6 Kd5 49. Kxh7 Ke5 50. h6 Kxf5 51. Kg7 f6+ 52. Kg8 Kg6 0-1

[Event "XXV Miedzynarodowy Festiwal Szachowy w Poznaniu - OPEN A"]
[Site "Poznan"]
[Date "2017.08.23"]
[Round "5.7"]
[White "Schmidt, Wlodzimierz "]
[Black "Malyovanyi, Yulian "]
[Result "1-0"]
[WhiteTitle ""]
[BlackTitle ""]
[WhiteElo "2272"]
[BlackElo "2006"]

1. d4 Nf6 2. c4 g6 3. Nc3 Bg7 4. e4 d6 5. Nf3 O-O 6. Be2 Nbd7 7. O-O c6 8. Re1
e5 9. Bf1 Re8 10. d5 cxd5 11. cxd5 a6 12. a4 b6 13. Nd2 Bh6 14. Nc4 Bxc1 15. Rxc1
Qc7 16. Na2 Qb8 17. Nb4 Bb7 18. Nc6 Bxc6 19. dxc6 Nc5 20. Qxd6 Re6 21. Qxb8+ Rxb8
22. c7 Rc8 23. Nxb6 Rxc7 24. Nd5 Nxd5 25. exd5 Rb6 26. Red1 1-0

[Event "XXV Miedzynarodowy Festiwal Szachowy w Poznaniu - OPEN A"]
[Site "Poznan"]
[Date "2017.08.23"]
[Round "5.8"]
[White "Zakrzewski, Marek"]
[Black "Sobczak, Miroslaw"]
[Result "1-0"]
[WhiteTitle ""]
[BlackTitle ""]
[WhiteElo "2237"]
[BlackElo "1925"]

1. e4 c5 2. Nf3 d6 3. d4 cxd4 4. Nxd4 Nf6 5. Nc3 g6 6. Be3 Bg7 7. f3 Nc6 8. Qd2
O-O 9. O-O-O d5 10. exd5 Nxd5 11. Nxc6 bxc6 12. Bd4 e5 13. Bc5 Be6 14. Ne4 Re8
15. h4 h6 16. g4 Qc7 17. g5 h5 18. Bc4 Red8 19. Qf2 Nf4 20. Bxe6 Nxe6 21. Bd6
Qb6 22. c3 Rd7 23. Bc5 Rxd1+ 24. Rxd1 Qa5 25. Ba3 Rd8 26. Rxd8+ Qxd8 27. Kc2 Qd5
28. b3 Nf4 29. Qd2 Qxd2+ 30. Kxd2 Ng2 31. Bc5 a6 32. Bf2 Kf8 33. Nc5 Ke8 34. Nxa6
f6 35. Nc5 fxg5 36. hxg5 h4 37. Ne4 Kd7 38. a4 Bf8 39. Ke2 Nf4+ 40. Kf1 Ne6 41.
Bxh4 Be7 42. Ke2 Bd8 43. Bg3 Bc7 44. Kd3 1-0

[Event "XXV Miedzynarodowy Festiwal Szachowy w Poznaniu - OPEN A"]
[Site "Poznan"]
[Date "2017.08.23"]
[Round "5.9"]
[White "Koitka, Jakub"]
[Black "Simon, Marek "]
[Result "1/2-1/2"]
[WhiteTitle ""]
[BlackTitle ""]
[WhiteElo "2144"]
[BlackElo "1837"]

1. d4 Nf6 2. c4 e6 3. Nf3 Bb4+ 4. Bd2 Qe7 5. e3 b6 6. Bd3 Bb7 7. O-O Ne4 8. a3
Bxd2 9. Nfxd2 Nxd2 10. Nxd2 d6 11. Qh5 Nd7 12. Ne4 g6 13. Qb5 O-O 14. Qxd7 Qxd7
15. Nf6+ Kg7 16. Nxd7 Rfd8 17. Nxb6 cxb6 18. Rac1 Rac8 19. Rfd1 Rd7 20. Rc3 f5
21. Bf1 Kf6 22. g3 h5 23. h4 g5 24. hxg5+ Kxg5 25. Bg2 h4 26. gxh4+ Kf6 27. Bxb7
Rxb7 28. Kg2 Rh7 29. Rh1 Rch8 30. Kg3 Rg8+ 31. Kf3 Rgh8 32. b4 Rxh4 33. Rxh4 Rxh4
34. c5 dxc5 35. dxc5 bxc5 36. bxc5 Rh7 37. c6 Rc7 38. e4 e5 39. exf5 Kxf5 40.
Rc5 Ke6 41. Ke4 Kd6 42. Rc1 Ke6 43. Rh1 Rf7 44. Rc1 Rc7 45. a4 a6 46. Rc3 Kd6
47. a5 Ke6 48. Rh3 Rf7 49. Rh6+ Ke7 50. c7 Kd7 51. Rxa6 Rxf2 52. Rc6 Rf8 53. Rc5
Rc8 54. Kxe5 Rxc7 55. Rb5 Rc1 56. Kd5 Kc7 57. a6 Rd1+ 58. Kc5 Rc1+ 1/2-1/2

[Event "XXV Miedzynarodowy Festiwal Szachowy w Poznaniu - OPEN A"]
[Site "Poznan"]
[Date "2017.08.23"]
[Round "5.10"]
[White "Michalski, Karol "]
[Black "Jedras, Piotr"]
[Result "0-1"]
[WhiteTitle ""]
[BlackTitle ""]
[WhiteElo "1992"]
[BlackElo "2091"]

1. d4 f5 2. Bg5 g6 3. h4 h6 4. Bd2 Nf6 5. Nf3 d6 6. c4 Bg7 7. Qc1 Ne4 8. Nc3 e5
9. dxe5 dxe5 10. Nxe4 fxe4 11. Ng1 Nc6 12. f3 Be6 13. b4 exf3 14. gxf3 Nd4 15.
h5 g5 16. e3 Nf5 17. Qc2 Qf6 18. Ne2 Nd6 19. Bg2 Bxc4 20. Ng3 e4 21. Kf2 exf3
22. Bh3 O-O 23. Ne4 Nxe4+ 24. Qxe4 b5 25. Rac1 Rae8 26. Qb1 Qd6 27. Be1 Rxe3 0-1

[Event "XXV Miedzynarodowy Festiwal Szachowy w Poznaniu - OPEN A"]
[Site "Poznan"]
[Date "2017.08.23"]
[Round "5.11"]
[White "Zadymov, Ihor"]
[Black "Purzycki, Jan Dawid"]
[Result "1-0"]
[WhiteTitle ""]
[BlackTitle ""]
[WhiteElo "2089"]
[BlackElo "1982"]

1. Nf3 Nf6 2. d4 b6 3. Bf4 Bb7 4. e3 e6 5. Bd3 Be7 6. h3 c5 7. O-O Nc6 8. c3 O-O
9. Nbd2 d5 10. Qe2 a6 11. Rad1 cxd4 12. exd4 b5 13. Ne5 Nxe5 14. dxe5 Nd7 15.
Nf3 Qb6 16. Nd4 Nc5 17. Bb1 b4 18. cxb4 Qxb4 19. a3 Qb6 20. b4 Ne4 21. Qd3 f5
22. f3 Ng5 23. Be3 f4 24. Bf2 g6 25. h4 Nf7 26. Rfe1 Bc8 27. h5 Qc7 28. Rc1 Nxe5
29. Rxc7 Nxd3 30. Bxd3 1-0

[Event "XXV Miedzynarodowy Festiwal Szachowy w Poznaniu - OPEN A"]
[Site "Poznan"]
[Date "2017.08.23"]
[Round "5.12"]
[White "Niemier, Hubert"]
[Black "Nowak, Mikolaj "]
[Result "1/2-1/2"]
[WhiteTitle ""]
[BlackTitle ""]
[WhiteElo "1924"]
[BlackElo "2076"]

1. d4 d6 2. c4 e5 3. dxe5 dxe5 4. Qxd8+ Kxd8 5. Nc3 Be6 6. b3 Nc6 7. Bb2 Kc8 8.
e3 Nf6 9. g3 Nd7 10. O-O-O Nc5 11. Bh3 a5 12. Bxe6+ fxe6 13. Na4 Nxa4 14. bxa4
Be7 15. f4 Bc5 16. Re1 Nb4 17. Kb1 Nd3 18. Re2 Nxb2 19. Kxb2 e4 20. Nh3 Ra6 21.
Rb1 Rd8 22. Ng5 Rb6+ 23. Kc2 Rxb1 24. Kxb1 Rd3 25. Nxe4 Rxe3 26. Rxe3 Bxe3 27.
Kc2 Kd7 28. Kd3 Bg1 29. h3 h5 30. g4 hxg4 31. hxg4 1/2-1/2

[Event "XXV Miedzynarodowy Festiwal Szachowy w Poznaniu - OPEN A"]
[Site "Poznan"]
[Date "2017.08.23"]
[Round "5.13"]
[White "Zielinski, Olgierd "]
[Black "Orzechowski, Jacek "]
[Result "0-1"]
[WhiteTitle ""]
[BlackTitle ""]
[WhiteElo "1869"]
[BlackElo "2069"]

1. e4 c6 2. d4 d5 3. e5 Bf5 4. c4 e6 5. Nc3 Ne7 6. a3 dxc4 7. Bxc4 Nd7 8. Nge2
Nb6 9. Bb3 Nbd5 10. O-O Bg6 11. Bg5 Qd7 12. Bxe7 Bxe7 13. f4 Ne3 14. Qd2 Nxf1
15. Rxf1 O-O-O 16. Rc1 Kb8 17. Ba4 Bc5 18. Kh1 Bxd4 19. Rd1 Bxc3 0-1

[Event "XXV Miedzynarodowy Festiwal Szachowy w Poznaniu - OPEN A"]
[Site "Poznan"]
[Date "2017.08.23"]
[Round "5.14"]
[White "Wojciechowski, Antoni"]
[Black "Zakoscielna, Kinga "]
[Result "0-1"]
[WhiteTitle ""]
[BlackTitle ""]
[WhiteElo "1581"]
[BlackElo "2059"]

1. Nf3 d5 2. g3 Nf6 3. Bg2 c6 4. O-O Bg4 5. c4 e6 6. d3 Bd6 7. Nc3 Nbd7 8. a4 O-O
9. a5 b6 10. Qa4 Rc8 11. Be3 e5 12. cxd5 cxd5 13. Nxd5 Nxd5 14. Qxg4 Nxe3 15.
fxe3 bxa5 16. Qa4 Bb4 17. Bh3 Nc5 18. Qa2 Rc7 19. d4 exd4 20. exd4 Ne4 21. Rac1
Rxc1 22. Rxc1 Ng5 23. Nxg5 Qxd4+ 24. Kg2 Qe3 25. Nxf7 Qxe2+ 26. Kh1 g6 27. Ng5+
Kh8 28. Qe6 Qxb2 29. Nf7+ Kg7 30. Qe5+ Qxe5 31. Nxe5 Bd6 32. Nc4 Bc7 33. Ra1 Rf7
34. Nxa5 Bxa5 35. Rxa5 Kf6 36. Kg2 Rb7 37. Kg1 Ke7 38. Ra6 Kd8 39. Bf1 Kc7 40.
Rf6 Kd8 41. Kf2 Rd7 42. Bc4 Rd2+ 43. Be2 Ke7 44. Ra6 Rd7 45. Ke3 Rb7 46. h3 Kf7
47. Bc4+ Kg7 48. Kd4 Rd7+ 49. Ke5 Re7+ 50. Be6 Rb7 51. Kd6 Kh6 0-1

[Event "XXV Miedzynarodowy Festiwal Szachowy w Poznaniu - OPEN A"]
[Site "Poznan"]
[Date "2017.08.23"]
[Round "5.15"]
[White "Bednarska-bzdega, Malgorzata "]
[Black "Mocny, Tomasz"]
[Result "0-1"]
[WhiteTitle ""]
[BlackTitle ""]
[WhiteElo "2047"]
[BlackElo "1731"]

1. e4 Nf6 2. e5 Nd5 3. d4 d6 4. Nf3 Nc6 5. c4 Nb6 6. e6 fxe6 7. Be3 e5 8. d5 Nd4
9. Bxd4 exd4 10. Nxd4 e5 11. dxe6 g6 12. a4 a5 13. Ra3 d5 14. Rf3 dxc4 15. Nc3
Bc5 16. Rf4 Nd5 17. Nxd5 Qxd5 18. Be2 Rf8 19. Bf3 Qd6 20. Re4 Bb4+ 21. Kf1 c6
22. Qe2 Rf4 23. g3 Rxe4 24. Qxe4 Bc5 25. Ne2 Qxe6 26. Qh4 Qh3+ 27. Qxh3 Bxh3+
28. Ke1 Bf5 29. Nc3 O-O-O 30. Be4 Bxe4 31. Nxe4 Bb4+ 32. Ke2 b5 33. Rc1 Rd4 34.
Ke3 Rd3+ 35. Ke2 Kd8 36. h4 Ke7 37. f3 Kf7 38. g4 Ke6 39. Rc2 Ke5 40. Ng5 Kf4
41. Ne6+ Kg3 42. Nc7 Rxf3 43. Rc1 Rf2+ 0-1

[Event "XXV Miedzynarodowy Festiwal Szachowy w Poznaniu - OPEN A"]
[Site "Poznan"]
[Date "2017.08.23"]
[Round "5.16"]
[White "Nun, Grzegorz"]
[Black "Madrawski, Krzysztof "]
[Result "1/2-1/2"]
[WhiteTitle ""]
[BlackTitle ""]
[WhiteElo "1829"]
[BlackElo "2043"]

1. e4 e6 2. d4 d5 3. exd5 exd5 4. Bd3 Bd6 5. c3 c6 6. h3 h6 7. Nf3 Nf6 8. O-O O-O
9. Re1 Re8 10. Rxe8+ Qxe8 11. Qe1 Qxe1+ 12. Nxe1 Nbd7 13. Be3 Nf8 14. Nd2 Bd7
15. Bf1 Re8 16. Nd3 Ng6 17. Nb3 1/2-1/2

[Event "XXV Miedzynarodowy Festiwal Szachowy w Poznaniu - OPEN A"]
[Site "Poznan"]
[Date "2017.08.23"]
[Round "5.17"]
[White "Banach, Szymon "]
[Black "Augustowski, Janusz"]
[Result "1-0"]
[WhiteTitle ""]
[BlackTitle ""]
[WhiteElo "2040"]
[BlackElo "1810"]

1. e4 c5 2. Nc3 Nc6 3. f4 e6 4. Nf3 d6 5. Bc4 Nge7 6. Qe2 g6 7. d3 Bg7 8. O-O O-O
9. a3 a6 10. Ba2 d5 11. e5 b5 12. Nd1 Bb7 13. Nf2 Nf5 14. c3 h5 15. g4 hxg4 16.
Nxg4 Qe7 17. Ng5 Rfc8 18. Qf3 Kf8 19. Nh7+ Ke8 20. Nhf6+ Kd8 21. Bd2 Kc7 22. Bxd5
Ncd4 23. cxd4 Nxd4 24. Qe4 exd5 25. Nxd5+ Bxd5 26. Qxd5 Rd8 27. Ba5+ 1-0

[Event "XXV Miedzynarodowy Festiwal Szachowy w Poznaniu - OPEN A"]
[Site "Poznan"]
[Date "2017.08.23"]
[Round "5.18"]
[White "Dzwikowski, Adam "]
[Black "Sacharewicz, Krzysztof "]
[Result "1-0"]
[WhiteTitle ""]
[BlackTitle ""]
[WhiteElo "1975"]
[BlackElo "1800"]

1. e4 c5 2. a3 d6 3. b4 e5 4. Bc4 Nf6 5. d3 Be7 6. Ne2 b6 7. O-O Nc6 8. c3 a5 9.
b5 Nb8 10. Qb3 O-O 11. f4 exf4 12. Nxf4 Nbd7 13. Bxf7+ Rxf7 14. Ne6 c4 15. Qa2
Qe8 16. Nc7 Qd8 17. Nxa8 Bb7 18. Qxc4 Qxa8 19. Qa2 Nc5 20. Qe2 Nb3 21. Ra2 Nxc1
22. Rxc1 Nd7 23. Nd2 Qf8 24. d4 Nf6 25. a4 Bc8 26. Nc4 Bd8 27. e5 dxe5 28. Nxe5
Re7 29. Qd3 Bc7 30. Re2 Bb7 31. Rce1 Nd5 32. Nc6 Bxc6 33. bxc6 Rxe2 34. Qxe2 Nf6
35. Qe6+ Kh8 36. Qe7 Qb8 37. Re6 Bxh2+ 38. Kh1 h6 39. d5 Nxd5 40. Qe8+ Kh7 41.
Qg6+ 1-0

[Event "XXV Miedzynarodowy Festiwal Szachowy w Poznaniu - OPEN A"]
[Site "Poznan"]
[Date "2017.08.23"]
[Round "5.19"]
[White "Grochowski, Michal "]
[Black "Kozlowska, Marzena "]
[Result "1/2-1/2"]
[WhiteTitle ""]
[BlackTitle ""]
[WhiteElo "1616"]
[BlackElo "1970"]

1. e4 e6 2. d4 d5 3. Nc3 dxe4 4. Nxe4 Nf6 5. Nxf6+ Qxf6 6. Nf3 h6 7. Be3 Nc6 8.
Qd2 Bd6 9. Bb5 Bd7 10. O-O g5 11. d5 Ne5 12. Bxd7+ Kxd7 13. dxe6+ Qxe6 14. Nxe5+
Qxe5 15. f4 Qe6 16. Rae1 Rhe8 17. Bc5 Qxa2 18. Bxd6 cxd6 19. fxg5 Rxe1 20. Qxe1
hxg5 21. Qb4 b6 22. Qb5+ Kc7 23. Re1 Rc8 24. c3 Kb7 25. Qd7+ Rc7 26. Qxd6 a5 27.
Re2 Qb1+ 28. Kf2 Qf5+ 29. Ke1 Rd7 30. Qe5 Qb1+ 1/2-1/2

[Event "XXV Miedzynarodowy Festiwal Szachowy w Poznaniu - OPEN A"]
[Site "Poznan"]
[Date "2017.08.23"]
[Round "5.20"]
[White "Rozumek, Krzysztof "]
[Black "Stochnialek, Dominika"]
[Result "1-0"]
[WhiteTitle ""]
[BlackTitle ""]
[WhiteElo "1952"]
[BlackElo "1719"]

1. Nf3 c5 2. b3 Nc6 3. Bb2 d6 4. e3 e5 5. Nc3 g6 6. Bc4 Bg7 7. e4 Nge7 8. h4 h6
9. d3 a6 10. Bc1 b5 11. Bd5 Nxd5 12. Nxd5 Ne7 13. Nxe7 Qxe7 14. a4 Bb7 15. axb5
axb5 16. Rxa8+ Bxa8 17. c4 Bc6 18. Nd2 f5 19. exf5 gxf5 20. Qh5+ Qf7 21. Qxf7+
Kxf7 22. O-O Bf6 23. g3 Rg8 24. Kh2 Rg4 25. Bb2 Ke6 26. Ra1 b4 27. Ra6 Bb7 28.
Rb6 Rg7 29. Kh3 Bd8 30. Rb5 Bc6 31. Rb8 Kd7 32. f4 Re7 33. fxe5 dxe5 34. g4 Kc7
35. Rb5 Bxb5 36. cxb5 fxg4+ 37. Kxg4 Re6 38. Nc4 e4 39. Kf5 e3 40. Kxe6 e2 1-0

[Event "XXV Miedzynarodowy Festiwal Szachowy w Poznaniu - OPEN A"]
[Site "Poznan"]
[Date "2017.08.23"]
[Round "5.21"]
[White "Malaczek, Mateusz"]
[Black "Walkowski, Milosz"]
[Result "1-0"]
[WhiteTitle ""]
[BlackTitle ""]
[WhiteElo "1950"]
[BlackElo "1772"]

1. c4 Nf6 2. Nf3 c5 3. g3 b6 4. Bg2 Bb7 5. O-O g6 6. Nc3 Bg7 7. Re1 O-O 8. e4 d6
9. d4 cxd4 10. Nxd4 Nbd7 11. e5 dxe5 12. Bxb7 exd4 13. Bxa8 dxc3 14. Bc6 Nc5 15.
Qc2 Ng4 16. bxc3 Ne5 17. Bg2 Nxc4 18. Bg5 Na6 19. Rad1 Qc7 20. Bc1 Rc8 21. Bd5
Ne5 22. f4 Ng4 23. Re6 Rd8 24. Rc6 1-0

[Event "XXV Miedzynarodowy Festiwal Szachowy w Poznaniu - OPEN A"]
[Site "Poznan"]
[Date "2017.08.23"]
[Round "5.22"]
[White "Nadstoga, Wojciech "]
[Black "Lesien, Przemyslaw "]
[Result "1-0"]
[WhiteTitle ""]
[BlackTitle ""]
[WhiteElo "1926"]
[BlackElo "1763"]

1. Nf3 d5 2. g3 c6 3. Bg2 Nd7 4. d3 e5 5. Nbd2 Bc5 6. O-O Ne7 7. e4 O-O 8. h4 f5
9. exf5 Nxf5 10. Kh2 h6 11. c4 Bd6 12. Qb3 Nc5 13. Qc2 Ne6 14. cxd5 cxd5 15. b4
e4 16. dxe4 Nxh4 17. exd5 Nxf3+ 18. Nxf3 Rxf3 19. Bxf3 Nd4 20. Qe4 Qf6 21. Qe8+
Kh7 22. Be4+ g6 23. f4 Bf5 24. Qxa8 Bxe4 25. Qxb7+ Be7 26. Bd2 Nf3+ 27. Rxf3 Bxf3
28. Re1 g5 29. Qxe7+ Qxe7 30. Rxe7+ Kg6 31. d6 1-0

[Event "XXV Miedzynarodowy Festiwal Szachowy w Poznaniu - OPEN A"]
[Site "Poznan"]
[Date "2017.08.23"]
[Round "5.23"]
[White "Korpalska, Joanna"]
[Black "Kozlowski, Tomasz"]
[Result "1-0"]
[WhiteTitle ""]
[BlackTitle ""]
[WhiteElo "1733"]
[BlackElo "1918"]

1. e4 Nf6 2. e5 Nd5 3. c4 Nb6 4. d4 d6 5. exd6 cxd6 6. Nf3 Bg4 7. Be2 Nc6 8. b3
d5 9. c5 Nd7 10. Bb2 e6 11. O-O Be7 12. Nbd2 Bf6 13. a3 Nxc5 14. Rc1 Nd7 15. Re1
O-O 16. Qc2 Rc8 17. Qd3 Bf5 18. Qe3 Re8 19. Bd3 Bxd3 20. Qxd3 Bg5 21. Nxg5 Qxg5
22. Re3 Qg6 23. Qb5 Nb6 24. Rg3 Qh6 25. Nf3 Nxd4 26. Rxc8 Nxf3+ 27. gxf3 Rxc8
28. Rxg7+ Kf8 29. Qb4+ Ke8 30. Qd6 Nd7 31. Rg8+ Nf8 32. Bf6 1-0

[Event "XXV Miedzynarodowy Festiwal Szachowy w Poznaniu - OPEN A"]
[Site "Poznan"]
[Date "2017.08.23"]
[Round "5.24"]
[White "Stachowiak, Slawomir "]
[Black "Janicki, Rafal "]
[Result "1-0"]
[WhiteTitle ""]
[BlackTitle ""]
[WhiteElo "1915"]
[BlackElo "1692"]

1. e4 e6 2. d4 d5 3. Nc3 dxe4 4. Nxe4 Nd7 5. Nf3 Ngf6 6. Bd3 Be7 7. O-O O-O 8.
Ne5 c5 9. Nxd7 Nxd7 10. dxc5 f5 11. Ng3 Nxc5 12. Bc4 Kh8 13. Bf4 Qb6 14. Be5 Nd7
15. Bd4 Qc6 16. Qe2 e5 17. Bb5 Qd5 18. Bxd7 Qxd4 19. Bxc8 Raxc8 20. c3 Qc5 21.
Rad1 Qc7 22. Rd5 Bd6 23. Rfd1 Rcd8 24. h3 g6 25. Rxd6 Rxd6 26. Qxe5+ Rff6 27.
Re1 Qd7 28. Kh2 Qe6 29. f4 Qxe5 30. fxe5 Rde6 31. Nf1 g5 32. Nd2 g4 33. Nb3 Rf8
34. Nd4 Re7 35. e6 h5 36. Re5 h4 37. Nxf5 g3+ 38. Kg1 Rd8 39. Nd4 Kg7 40. Rg5+
Kf6 41. Rf5+ Kg6 42. Rf4 Kg5 43. Rg4+ Kh5 44. Rf4 Kg5 45. Rf3 Kg6 46. Kf1 Rd5
47. Ke2 Re5+ 48. Kd2 Kg5 49. Rf8 Kg6 50. Rg8+ Kh5 51. Rh8+ Kg6 52. Rxh4 Rd5 53.
Ke3 Rg5 54. Rf4 Rh7 55. Kf3 Re7 56. h4 Ra5 57. a3 Ra6 58. Kxg3 Rb6 59. Rf2 Rg7
60. Kh3 1-0

[Event "XXV Miedzynarodowy Festiwal Szachowy w Poznaniu - OPEN A"]
[Site "Poznan"]
[Date "2017.08.23"]
[Round "5.25"]
[White "Niedbala, Wojciech "]
[Black "Chaczynski, Kamil"]
[Result "1/2-1/2"]
[WhiteTitle ""]
[BlackTitle ""]
[WhiteElo "1908"]
[BlackElo "1495"]

1. Nf3 Nf6 2. g3 d5 3. Bg2 Bf5 4. O-O c6 5. d3 e6 6. Nbd2 Bc5 7. h3 Nbd7 8. Nh4
Bg6 9. Nxg6 hxg6 10. e4 Qc7 11. c3 dxe4 12. d4 Bd6 13. Nc4 O-O-O 14. Nxd6+ Qxd6
15. Bf4 Qe7 16. Qa4 Nd5 17. Bd2 N7b6 18. Qb3 f5 19. a4 e5 20. a5 Nd7 21. c4 Nc7
22. a6 Nxa6 23. d5 c5 24. Qc2 Qd6 25. b4 Nxb4 26. Bxb4 cxb4 1/2-1/2

[Event "XXV Miedzynarodowy Festiwal Szachowy w Poznaniu - OPEN A"]
[Site "Poznan"]
[Date "2017.08.23"]
[Round "5.26"]
[White "Litke, Slawomir"]
[Black "Duszczak, Dariusz"]
[Result "0-1"]
[WhiteTitle ""]
[BlackTitle ""]
[WhiteElo "1730"]
[BlackElo "1892"]

1. e4 d5 2. exd5 Qxd5 3. Nc3 Qd6 4. d4 Nf6 5. Nf3 a6 6. Be2 Nc6 7. O-O Bf5 8. a3
e6 9. h3 Be7 10. Be3 h6 11. Qd2 g5 12. b4 Ne4 13. Nxe4 Bxe4 14. c4 O-O-O 15. b5
Bxf3 16. c5 Qd7 17. bxc6 Bxc6 18. Qa5 Bb5 19. Bxb5 Qxb5 20. Qc3 Bf6 21. Rab1 Qc6
22. Rfc1 Rd5 23. Rb4 e5 24. dxe5 Bxe5 25. Bd4 Bxd4 26. Rxd4 Rhd8 27. Rxd5 Qxd5
28. Qf6 Qe6 29. Qf3 c6 30. Qc3 g4 31. h4 f5 32. Rb1 Qe2 33. Qb3 Qe7 34. Qb6 Qc7
35. Qb3 Qd7 36. Qb6 f4 37. Qa7 Qc7 38. Kf1 Re8 39. Rd1 Qe5 40. Rb1 Qc7 41. Rd1
g3 42. f3 Qe5 43. Rb1 Qe2+ 44. Kg1 Qf2+ 0-1

[Event "XXV Miedzynarodowy Festiwal Szachowy w Poznaniu - OPEN A"]
[Site "Poznan"]
[Date "2017.08.23"]
[Round "5.27"]
[White "Kupsik, Joanna "]
[Black "Glatty, Zbigniew "]
[Result "1/2-1/2"]
[WhiteTitle ""]
[BlackTitle ""]
[WhiteElo "1703"]
[BlackElo "1879"]

1. e4 e5 2. Nf3 Nc6 3. d4 exd4 4. Nxd4 d6 5. Nc3 Bd7 6. Be3 Nf6 7. Qd2 a6 8. f3
Be7 9. g4 h6 10. O-O-O Nxd4 11. Bxd4 Be6 12. e5 dxe5 13. Bxe5 Qxd2+ 14. Rxd2 c6
15. Be2 Rd8 16. Rhd1 Rxd2 17. Rxd2 O-O 18. h3 Bc5 19. Kb1 Nd7 20. Bd6 Bxd6 21.
Rxd6 Re8 22. Kc1 Kf8 23. Kd2 Ke7 24. Rd4 c5 25. Re4 Nf6 26. Re5 Rd8+ 27. Ke3 Nd7
28. Re4 Kd6 29. Bc4 Bxc4 30. Rxc4 b5 31. Rf4 f6 32. a4 Re8+ 33. Re4 Rxe4+ 34.
Kxe4 b4 35. Nd1 Ke6 36. Ne3 g6 37. h4 f5+ 38. Kf4 fxg4 39. fxg4 Ne5 40. b3 Nc6
41. h5 gxh5 42. gxh5 Nd4 43. Ke4 a5 44. Kd3 Kf6 45. Nc4 Kg5 46. Nxa5 Kxh5 47.
Nc4 Kg4 48. a5 Nc6 49. Ke2 Kf4 50. a6 h5 51. Na5 Na7 52. Nb7 Ke4 53. Nxc5+ Kd4
54. Na4 Ke4 55. Nb2 Kd4 56. Nd1 Ke4 57. Kf2 Kf4 58. Kg2 h4 59. Kf2 h3 60. Nb2
h2 61. Nd3+ Ke4 62. Kg2 Kd4 63. Nxb4 Kc3 64. Nd5+ Kxc2 65. b4 Kb3 66. Kxh2 Kc4
67. b5 Kxb5 68. Nc7+ Kb6 69. Nd5+ Kxa6 1/2-1/2

[Event "XXV Miedzynarodowy Festiwal Szachowy w Poznaniu - OPEN A"]
[Site "Poznan"]
[Date "2017.08.23"]
[Round "5.28"]
[White "Czarnolewski, Piotr"]
[Black "Wilk, Oktawia"]
[Result "1-0"]
[WhiteTitle ""]
[BlackTitle ""]
[WhiteElo "1677"]
[BlackElo "1848"]

1. e4 e6 2. d3 d5 3. Nd2 c5 4. Ngf3 Nc6 5. g3 Nf6 6. Bg2 dxe4 7. dxe4 e5 8. O-O
Bg4 9. h3 Bh5 10. Re1 h6 11. c3 Qc7 12. Qe2 a6 13. Nf1 Be7 14. g4 Bg6 15. Ng3
Nd7 16. Nf5 Bxf5 17. exf5 O-O-O 18. Nd2 Bg5 19. Ne4 f6 20. Be3 Ncb8 21. Qc4 Bxe3
22. Rxe3 Rhf8 23. b4 cxb4 24. Nd6# 1-0

[Event "XXV Miedzynarodowy Festiwal Szachowy w Poznaniu - OPEN A"]
[Site "Poznan"]
[Date "2017.08.23"]
[Round "5.29"]
[White "Szymanski, Zbigniew"]
[Black "Wolniaczyk, Daria"]
[Result "1-0"]
[WhiteTitle ""]
[BlackTitle ""]
[WhiteElo "1844"]
[BlackElo "1629"]

1. d4 d5 2. Nf3 Bf5 3. e3 Nf6 4. c4 e6 5. Qb3 Qc8 6. Nc3 c6 7. Be2 Nbd7 8. O-O
Bd6 9. h3 O-O 10. Nh4 Be4 11. f3 dxc4 12. Bxc4 Bd5 13. Bxd5 Nxd5 14. f4 N7f6 15.
Nf3 Nxc3 16. bxc3 Ne4 17. Nd2 Nxd2 18. Bxd2 f5 19. a4 b6 20. Rae1 Kh8 21. e4 c5
22. exf5 c4 23. Qd1 exf5 24. Qf3 Qc7 25. Re6 Rac8 26. Qd5 Rcd8 27. Rfe1 h6 28.
Qf3 Qd7 29. Qd5 Qc7 30. Qf3 Qd7 31. Qd5 Qc7 32. Qf3 a6 33. g3 Ba3 34. Rc6 Qb7
35. Rxh6+ 1-0

[Event "XXV Miedzynarodowy Festiwal Szachowy w Poznaniu - OPEN A"]
[Site "Poznan"]
[Date "2017.08.23"]
[Round "5.30"]
[White "Zurawski, Kamil"]
[Black "Olejarczyk, Wojciech "]
[Result "0-1"]
[WhiteTitle ""]
[BlackTitle ""]
[WhiteElo "1665"]
[BlackElo "1820"]

1. Nf3 d5 2. c4 c6 3. d4 e6 4. Nc3 f5 5. g3 Nf6 6. Bf4 a6 7. Bg2 Be7 8. O-O O-O
9. e3 Bd7 10. Rb1 Be8 11. Qc2 Ne4 12. b4 b5 13. a4 bxc4 14. Nxe4 fxe4 15. Nd2
Nd7 16. Nxc4 dxc4 17. Qxe4 Nb6 18. a5 Nd5 19. Qxe6+ Kh8 20. Rfc1 Bd7 21. Qe5 Rf5
22. Qe4 Bxb4 23. Be5 Nc3 24. Rxc3 Bxc3 25. Rb7 Rg5 26. f4 Rg6 27. f5 Rf6 28. Qg4
Rc8 29. Qg5 Bxa5 30. Rxd7 Qxd7 31. Bxf6 gxf6 32. Qxf6+ Qg7 33. Qe6 Rf8 34. Qxc4
Rxf5 35. Be4 Rf8 36. Bxc6 Bd2 37. Qe2 Qh6 38. Qxd2 Qxc6 39. e4 Qc4 40. Qd1 0-1

[Event "XXV Miedzynarodowy Festiwal Szachowy w Poznaniu - OPEN A"]
[Site "Poznan"]
[Date "2017.08.23"]
[Round "5.31"]
[White "Huchwajda, Katarzyna "]
[Black "Frackowiak, Andrzej"]
[Result "1-0"]
[WhiteTitle ""]
[BlackTitle ""]
[WhiteElo "1779"]
[BlackElo "1611"]

1. e4 e6 2. Qe2 c5 3. Nf3 Be7 4. g3 d6 5. Bg2 Nc6 6. O-O e5 7. c3 Bg4 8. d3 h6
9. Qc2 Nf6 10. Re1 Nd7 11. Nbd2 O-O 12. h3 Be6 13. Nf1 b5 14. Ne3 Nb6 15. Nf5
Bf6 16. N3h4 Bg5 17. Qe2 Bxc1 18. Rexc1 Bxf5 19. Nxf5 Qf6 20. Rd1 a6 21. Rd2 Ne7
22. Ne3 Rad8 23. Re1 Rfe8 24. Qh5 Kh7 25. Kh2 g6 26. Qe2 Qe6 27. b3 f6 28. h4
Qf7 29. Rf1 d5 30. Nd1 d4 31. c4 b4 32. f4 Qg7 33. fxe5 fxe5 34. Qg4 Nc6 35. Rdf2
Re7 36. Rf6 Rc7 37. Qe6 Rdd7 38. h5 gxh5 39. Qf5+ Kg8 40. Rf8+ Qxf8 41. Qxf8+
Kh7 1-0

[Event "XXV Miedzynarodowy Festiwal Szachowy w Poznaniu - OPEN A"]
[Site "Poznan"]
[Date "2017.08.23"]
[Round "5.32"]
[White "Hoffmann, Piotr"]
[Black "Lascar, Radoslawa"]
[Result "0-1"]
[WhiteTitle ""]
[BlackTitle ""]
[WhiteElo "1651"]
[BlackElo "1778"]

1. Nc3 c5 2. d4 cxd4 3. Qxd4 Nc6 4. Qh4 Nf6 5. Bg5 d6 6. Nf3 a6 7. e4 b5 8. a3
Qa5 9. Bd2 Qd8 10. Bg5 e6 11. Bxf6 gxf6 12. Bd3 Ne5 13. Nxe5 fxe5 14. Qxd8+ Kxd8
15. O-O-O Kc7 16. Kd2 Bb7 17. f3 Rg8 18. Rhg1 Bh6+ 19. Ke2 Rad8 20. Kf2 Rgf8 21.
g4 Bg5 22. Ke2 Rh8 23. b4 h5 24. gxh5 Rxh5 25. Rg2 Rdh8 26. Rh1 f6 27. Kf2 d5
28. a4 d4 29. Nb1 Bc6 30. a5 Rh3 31. Ke2 R8h7 32. c3 Kd7 33. c4 Kd6 34. cxb5 Bxb5
35. Bxb5 axb5 36. Na3 Kc6 37. Rf2 Rc7 38. Rhf1 Be3 39. Rg2 Kb7 40. Rd1 Ka6 41.
Rd3 Rc1 42. Rb3 Rh1 43. Rb1 R1xh2 44. Rxh2 Rxh2+ 45. Kd1 d3 0-1